000 00807nam a22001697a 4500
005 20251108165401.0
008 250721s1985 xx 000 0 ara d
082 1 4 _aم/016.210433/مجم
245 1 0 _aالفهارس التحليليه للاقتصاد الإسلامي وفقا للموضوعات :
_bمكتبة صالح كامل /
264 1 _aعمان :
_bالمجمع،
_c1985.
300 _aج
490 0 _aسلسلة منشورات المجمع الملكي ؛ 48
650 1 7 _aالاقتصاد الاسلامي فهارسالاقتصاد الاسلامي ببليوغرافيامكتبه صالح كامل فهارس
710 2 _aالمجمع الملكي لبحوث الحضاره الاسلاميه (مؤسسة آل البيت) . عمان
_eإعداد
942 _2ddc
_cREF
999 _c26622
_d26622